| 000 | 00812nam a2200265 a 4500 | ||
|---|---|---|---|
| 001 | 68770 | ||
| 003 | BD-RjUL | ||
| 005 | 20211209081816.0 | ||
| 008 | 170405s1946 enka b 001 0 eng d | ||
| 035 | _a(BD-RjUL)68981 | ||
| 040 |
_aDRB _cDRB _dHDC _dPLF _dOCL _dEQO _dBD-RjUL _beng |
||
| 041 | _aeng | ||
| 082 |
_223 _a539.7 _bMEW 1946 |
||
| 100 | 1 |
_aMendelssohn, K. _q(Kurt), _d1906-1980 _9203805 |
|
| 245 | 1 | 0 |
_aWhat is atomic energy? / _cK. Mendelssohn. |
| 260 |
_aLondon : _bSigma, _c1946 |
||
| 300 |
_a180 p. : _bill. ; _c19 cm. |
||
| 490 | 1 |
_aSigma introduction to science, _v3 |
|
| 500 | _aErrata slip inserted. | ||
| 650 | 0 |
_aNuclear Structure _9148157 |
|
| 650 | 0 |
_aNuclear energy. _9203806 |
|
| 650 | 0 |
_aNuclear physics. _9203807 |
|
| 830 | 0 |
_aSigma introduction to science, _v3 _9203808 |
|
| 942 |
_2ddc _cBK |
||
| 999 |
_c68770 _d68770 |
||